000 00696nam a22002417a 4500
003 OSt
005 20221011032822.0
008 170404b xxu||||| |||| 00| 0 eng d
020 _a9780756626938 (hbk.)
020 _a0756626935 (hbk.)
040 _aMMU
_cMMU
_dMMU
_beng
050 0 0 _aSB434.7 .M56 2007
100 1 _aMikolajski, Andrew.
245 1 0 _aPlants for shade /
_cAndrew Mikolajski.
250 _a1st American ed.
260 _aNew York :
_bDK Publishing,
_c2007.
300 _a160 p. :
_bcol. ill. ;
_c24 cm.
440 0 _aSimple steps to success
500 _aIncludes index.
650 0 _aShade-tolerant plants.
650 0 _aGardening in the shade.
942 _2lcc
_cLOAN LOAN
999 _c26789
_d26789